[Event "49th Continental Open"]
[Site "Sturbridge, MA"]
[Date "2019.08.17"]
[Round "6"]
[White "Balakrishnan, Praveen"]
[Black "Poliannikov, Danila"]
[Result "1-0"]
[WhiteElo "2433"]
[BlackElo "2093"]
[PlyCount "71"]
[EventDate "2019.08.??"]
[EventType "swiss"]
[EventRounds "9"]
[EventCountry "USA"]

1. d4 Nf6 2. c4 c5 3. d5 e6 4. Nc3 exd5 5. cxd5 d6 6. g3 g6 7. Bg2 Bg7 8. Nf3
O-O 9. O-O a6 10. a4 Re8 11. Bf4 Nh5 12. Bg5 Qc7 13. Qd2 Nd7 14. Rfc1 Ne5 15.
Rab1 Bd7 16. b4 Nc4 17. Qa2 b5 18. bxc5 Qxc5 19. Nd2 f5 20. Nxc4 bxc4 21. Nd1
Rec8 22. Rb7 Be8 23. Bd2 Bf7 24. Bb4 Qd4 25. Bc3 Qc5 26. Bb4 Qd4 27. Rd7 f4 28.
Rxd6 fxg3 29. hxg3 c3 30. Bxc3 Qc5 31. Rd7 Nf6 32. Rxf7 Kxf7 33. d6+ Kf8 34.
Bxa8 Rxa8 35. Qb2 Bh6 36. Bd2 1-0

[Event "49th Continental Open"]
[Site "Sturbridge, MA"]
[Date "2019.08.17"]
[Round "6"]
[White "Mandizha, Farai"]
[Black "Arun, Siddharth"]
[Result "1-0"]
[WhiteElo "2389"]
[BlackElo "2045"]
[PlyCount "63"]
[EventDate "2019.08.??"]
[EventType "swiss"]
[EventRounds "9"]
[EventCountry "USA"]

1. e4 c6 2. c4 d5 3. exd5 cxd5 4. d4 Nf6 5. Nc3 Nc6 6. Bg5 dxc4 7. d5 Ne5 8.
Bxc4 Nxc4 9. Qa4+ Bd7 10. Qxc4 Qb6 11. Nf3 e6 12. Bxf6 gxf6 13. O-O Qb4 14. Qe2
Bg7 15. dxe6 Bxe6 16. Nd5 Qa5 17. Nf4 O-O 18. Nxe6 Rae8 19. Nfd4 fxe6 20. Nxe6
Qf5 21. Rfe1 Kf7 22. Nxg7 Kxg7 23. Qd2 Re5 24. Rxe5 fxe5 25. Re1 Rf7 26. Qe3
Rd7 27. h3 Kf6 28. Qxa7 Rd2 29. Qb6+ Qe6 30. Qxb7 Qxa2 31. Qf3+ Ke6 32. Qc6+
1-0

[Event "49th Continental Open"]
[Site "Sturbridge, MA"]
[Date "2019.08.17"]
[Round "6"]
[White "Chen, Maxwell"]
[Black "Times, Lawyer"]
[Result "1/2-1/2"]
[WhiteElo "1808"]
[BlackElo "2139"]
[PlyCount "112"]
[EventDate "2019.08.??"]
[EventType "swiss"]
[EventRounds "9"]
[EventCountry "USA"]

1. c4 g6 2. g3 Bg7 3. Bg2 d6 4. Nc3 Nf6 5. e3 O-O 6. Nge2 Nc6 7. d4 e6 8. O-O
Ne7 9. b3 Nd7 10. Bb2 e5 11. Rc1 f5 12. dxe5 dxe5 13. Nd5 c6 14. Ndc3 e4 15.
Ba3 Rf7 16. f3 exf3 17. Bxf3 Qa5 18. Bd6 Ne5 19. b4 Nxf3+ 20. Rxf3 Qd8 21. c5
g5 22. Qb3 Qe8 23. e4 Kh8 24. Rcf1 g4 25. R3f2 Bh6 26. Be5+ Kg8 27. Bf4 Bg7 28.
Bd6 Bh6 29. Bf4 Bg7 30. Bg5 Ng6 31. exf5 Ne5 32. Nd4 Nd3 33. Nce2 Nxf2 34. Rxf2
Qe5 35. Rf4 h6 36. Bh4 h5 37. Qd3 Bd7 38. f6 Re8 39. fxg7 Rxf4 40. Nxf4 Qe1+
41. Kg2 Re3 42. Nc2 Rxd3 43. Nxe1 Rd2+ 44. Kg1 Kxg7 45. Nxh5+ Kg6 46. Nf4+ Kf5
47. h3 Rxa2 48. hxg4+ Kxg4 49. Nfd3 Kf5 50. g4+ Ke4 51. Nf2+ Kf4 52. Ned3+ Ke3
53. Bg5+ Kd4 54. Bf6+ Ke3 55. Bg5+ Kd4 56. Bf6+ Ke3 1/2-1/2

[Event "49th Continental Open"]
[Site "Sturbridge, MA"]
[Date "2019.08.17"]
[Round "6"]
[White "Krishnakumar, Sriram"]
[Black "Rajesh, C.S."]
[Result "0-1"]
[WhiteElo "1854"]
[BlackElo "2145"]
[PlyCount "80"]
[EventDate "2019.08.??"]
[EventType "swiss"]
[EventRounds "9"]
[EventCountry "USA"]

1. e4 c5 2. Nf3 e6 3. d4 cxd4 4. Nxd4 Nf6 5. Nc3 Bb4 6. e5 Nd5 7. Bd2 Bxc3 8.
bxc3 O-O 9. Bd3 d6 10. exd6 Qxd6 11. O-O a6 12. Rb1 e5 13. Nf3 Nc6 14. c4 Nde7
15. Ng5 f5 16. Be3 h6 17. c5 Qg6 18. Bc4+ Kh8 19. Nf3 f4 20. Bc1 e4 21. Nh4 Qg5
22. g3 Qxc5 23. Bb3 Bh3 24. Bxf4 Bxf1 25. Qxf1 g5 26. Be3 Qxe3 27. fxe3 Rxf1+
28. Rxf1 gxh4 29. Rf4 hxg3 30. hxg3 Kg7 31. Rxe4 Rd8 32. Kf2 Rd2+ 33. Kf3 Rd6
34. Ke2 Rg6 35. g4 Rg5 36. Rf4 Nd5 37. Rf5 Rxf5 38. gxf5 Nde7 39. e4 Kf6 40.
Ke3 Ke5 0-1

[Event "49th Continental Open"]
[Site "Sturbridge, MA"]
[Date "2019.08.17"]
[Round "6"]
[White "Matsumura, Cocoro"]
[Black "Bader, Jeremy"]
[Result "0-1"]
[WhiteElo "1829"]
[BlackElo "1899"]
[PlyCount "110"]
[EventDate "2019.08.??"]
[EventType "swiss"]
[EventRounds "9"]
[EventCountry "USA"]

1. e4 c5 2. Nf3 e6 3. d4 cxd4 4. Nxd4 a6 5. Bd3 Nf6 6. O-O Qc7 7. Nc3 Be7 8.
Kh1 d6 9. f4 Nbd7 10. Qf3 O-O 11. Bd2 Rb8 12. Rae1 b5 13. b4 Bb7 14. a4 bxa4
15. Qh3 g6 16. Nxa4 d5 17. e5 Ne4 18. Bxe4 dxe4 19. c3 Bd5 20. Rc1 Nb6 21. Nxb6
Rxb6 22. Rfe1 Rd8 23. Be3 Rb7 24. Bg1 Qc4 25. Nc2 Bc6 26. Ne3 Qb3 27. Qh6 Bf8
28. Qg5 Rd2 29. Ng4 e3 30. Nxe3 Rbd7 31. Qg4 h5 32. Qg3 R7d3 33. Bf2 Be7 34.
Rf1 h4 35. Qh3 Qa2 36. Ra1 Rxf2 37. Rxa2 Rxf1+ 38. Nxf1 Rxh3 39. c4 Rc3 40.
Rxa6 Rxc4 41. h3 Rc1 42. Kg1 Rxf1+ 43. Kxf1 Bb5+ 44. Kf2 Bxa6 45. Kf3 Bxb4 46.
g3 Bb7+ 47. Kg4 hxg3 48. Kxg3 Kg7 49. Kg4 Kh6 50. h4 Ba6 51. Kh3 Kh5 52. Kg3
Be1+ 53. Kf3 Kxh4 54. Ke4 Kg4 55. Ke3 Bg3 0-1

[Event "49th Continental Open"]
[Site "Sturbridge, MA"]
[Date "2019.08.17"]
[Round "6"]
[White "Yan, Benjamin"]
[Black "Yu, Alex"]
[Result "0-1"]
[WhiteElo "1952"]
[BlackElo "1831"]
[PlyCount "84"]
[EventDate "2019.08.??"]
[EventType "swiss"]
[EventRounds "9"]
[EventCountry "USA"]

1. d4 Nf6 2. Nf3 g6 3. Bf4 Bg7 4. e3 O-O 5. Be2 d6 6. h3 Nbd7 7. O-O Qe8 8. c4
e5 9. Bh2 e4 10. Nfd2 b6 11. Nc3 Bb7 12. Qc2 Qe7 13. Rac1 a6 14. b4 Rfe8 15.
Na4 Bc6 16. d5 Bxa4 17. Qxa4 a5 18. b5 Nc5 19. Qc2 Nfd7 20. Nb3 Nxb3 21. Qxb3
Nc5 22. Qc2 f5 23. Rce1 Rf8 24. f3 exf3 25. Bxf3 Rae8 26. g4 fxg4 27. Bxg4
Rxf1+ 28. Kxf1 Rf8+ 29. Kg1 h5 30. Be6+ Nxe6 31. dxe6 Qxe6 32. Kg2 Qf6 33. Qe2
Qg5+ 34. Kh1 Qh4 35. Kg2 Qe4+ 36. Kg1 Rf3 37. Qd2 Qxc4 38. Rc1 Qf7 39. Qc2 Bh6
40. Bf4 Bxf4 41. exf4 Rxf4 42. Qxc7 Rf1+ 0-1

[Event "49th Continental Open"]
[Site "Sturbridge, MA"]
[Date "2019.08.17"]
[Round "6"]
[White "Barash, Anton"]
[Black "Jin, Derek"]
[Result "1-0"]
[WhiteElo "1996"]
[BlackElo "1898"]
[PlyCount "95"]
[EventDate "2019.08.??"]
[EventType "swiss"]
[EventRounds "9"]
[EventCountry "USA"]

1. e4 c5 2. Nf3 d6 3. d4 cxd4 4. Nxd4 Nf6 5. Nc3 Nc6 6. Bc4 Qb6 7. Nb3 e6 8.
Be3 Qc7 9. Qd2 a6 10. O-O-O Be7 11. Be2 O-O 12. g4 b5 13. g5 b4 14. gxf6 bxc3
15. Qxc3 Bxf6 16. Bd4 e5 17. Be3 Bb7 18. h4 Qe7 19. Qd2 Rfd8 20. Rh2 a5 21. Bb6
a4 22. Bxd8 Qxd8 23. Na1 Nd4 24. f3 a3 25. b3 d5 26. c3 dxe4 27. cxd4 exd4 28.
fxe4 Bxe4 29. Bd3 Qc7+ 30. Qc2 Qf4+ 31. Kb1 Re8 32. Bxe4 d3 33. Rxd3 Qxe4 34.
Rf2 Qe5 35. Rxf6 gxf6 36. Rd1 Kg7 37. b4 Rc8 38. Qg2+ Kh6 39. Qd2+ Kg7 40. Qg2+
Kh6 41. Rg1 Qf5+ 42. Nc2 Rc7 43. Qd2+ Kh5 44. Qe2+ Kh6 45. Rf1 Qg6 46. Qe3+ Kh5
47. Qf3+ Kh6 48. Qf4+ 1-0

[Event "49th Continental Open"]
[Site "Sturbridge, MA"]
[Date "2019.08.16"]
[Round "5.1"]
[White "Nyzhnyk, Illya"]
[Black "Zhou, Jianchao"]
[Result "1-0"]
[WhiteElo "2666"]
[BlackElo "2606"]
[PlyCount "95"]
[EventDate "2019.08.??"]
[EventType "swiss"]
[EventRounds "9"]
[EventCountry "USA"]

1. e4 c5 2. Nc3 e6 3. d4 cxd4 4. Qxd4 Nc6 5. Qe3 Nf6 6. Nf3 d5 7. exd5 Nxd5 8.
Nxd5 Qxd5 9. Qb3 Nb4 10. Qxd5 Nxd5 11. Bb5+ Bd7 12. Bxd7+ Kxd7 13. c4 Nb6 14.
b3 f6 15. Be3 e5 16. O-O-O+ Ke6 17. Rhe1 Bb4 18. Re2 Rhd8 19. Rxd8 Rxd8 20.
Nd4+ Kf7 21. Nb5 Nc8 22. Nxa7 Nxa7 23. Bxa7 h5 24. Be3 g5 25. Kb2 Ke6 26. a3
Be7 27. Rd2 Rxd2+ 28. Bxd2 e4 29. Bb4 Bd8 30. Bc5 f5 31. Bd4 Bc7 32. h3 h4 33.
Kc2 f4 34. f3 e3 35. Kd3 Be5 36. Bb6 Bb2 37. Bc5 Bf6 38. b4 Be7 39. Bb6 Kd7 40.
Bd4 Ke6 41. Bc3 Bf6 42. Be1 Bb2 43. a4 Bf6 44. b5 Kd6 45. Bb4+ Ke6 46. a5 Kd7
47. c5 Bb2 48. c6+ 1-0

[Event "49th Continental Open"]
[Site "Sturbridge, MA"]
[Date "2019.08.16"]
[Round "5.2"]
[White "Stripunsky, Alexander"]
[Black "Zherebukh, Yaroslav"]
[Result "0-1"]
[WhiteElo "2520"]
[BlackElo "2631"]
[PlyCount "54"]
[EventDate "2019.08.??"]
[EventType "swiss"]
[EventRounds "9"]
[EventCountry "USA"]

1. e4 c6 2. d4 d5 3. exd5 cxd5 4. Bd3 Nc6 5. c3 Nf6 6. Bf4 g6 7. h3 Nh5 8. Bh2
Bh6 9. Ne2 O-O 10. Nd2 f6 11. Qc2 e5 12. g4 Ng7 13. f4 e4 14. Bb5 Ne6 15. Ba4
f5 16. g5 Bg7 17. Nf1 b5 18. Bb3 b4 19. Ne3 bxc3 20. bxc3 Ne7 21. a4 Qa5 22.
O-O Ba6 23. Rfc1 Rac8 24. Qa2 Rfd8 25. Nd1 h6 26. h4 Nxd4 27. Nxd4 Bxd4+ 0-1

[Event "49th Continental Open"]
[Site "Sturbridge, MA"]
[Date "2019.08.16"]
[Round "5.3"]
[White "Dragun, Kamil"]
[Black "Ivanov, Alexander"]
[Result "1/2-1/2"]
[WhiteElo "2614"]
[BlackElo "2473"]
[PlyCount "131"]
[EventDate "2019.08.??"]
[EventType "swiss"]
[EventRounds "9"]
[EventCountry "USA"]

1. c4 e5 2. g3 Nc6 3. Bg2 g6 4. Nc3 Bg7 5. d3 d6 6. e4 Nd4 7. Nge2 Bg4 8. h3
Bxe2 9. Nxe2 Nxe2 10. Qxe2 Ne7 11. h4 Nc6 12. Be3 Qe7 13. h5 Nd4 14. Bxd4 exd4
15. O-O-O O-O-O 16. Kb1 Kb8 17. f4 c6 18. Qf3 h6 19. a3 g5 20. Bh3 gxf4 21.
gxf4 Rhg8 22. Rdg1 Bf6 23. Rg4 Rxg4 24. Qxg4 Bh4 25. Rh2 Rf8 26. Ka2 a6 27. Rg2
Ka7 28. Qf5 Qf6 29. Qg4 Qe7 30. Qf3 Qe8 31. Rg4 Bf6 32. Qg3 Qd8 33. Qg1 Kb8 34.
Rg2 Ka7 35. Bf5 Rh8 36. Rg4 Qe8 37. Qg3 Qd8 38. Kb1 Qe8 39. Kc2 Qd8 40. Qg2 Qe8
41. Kd1 Qd8 42. Kc2 Qe8 43. Kb1 Qd8 44. Ka2 Qe8 45. Qc2 Qf8 46. Qb3 Bd8 47. Qb4
Bb6 48. Qe1 Rg8 49. Qg3 Rxg4 50. Qxg4 Bd8 51. Bh7 Bf6 52. Qf5 Bg7 53. Kb3 Kb6
54. Kc2 Qe8 55. Qg4 Bf6 56. Kd1 Ka7 57. Ke2 Qd8 58. Qf5 Bh4 59. Kf3 Be1 60. Qg4
Qb6 61. Qg2 Qb3 62. e5 dxe5 63. fxe5 Qd1+ 64. Qe2 Qxe2+ 65. Kxe2 Bg3 66. Kf3
1/2-1/2

[Event "49th Continental Open"]
[Site "Sturbridge, MA"]
[Date "2019.08.16"]
[Round "5.4"]
[White "Steingrimsson, Hedinn"]
[Black "Azarov, Sergei"]
[Result "1/2-1/2"]
[WhiteElo "2547"]
[BlackElo "2589"]
[PlyCount "58"]
[EventDate "2019.08.??"]
[EventType "swiss"]
[EventRounds "9"]
[EventCountry "USA"]

1. Nf3 Nf6 2. c4 e6 3. Nc3 Bb4 4. Qc2 O-O 5. a3 Bxc3 6. Qxc3 d6 7. b4 e5 8. Bb2
c5 9. d3 b6 10. e3 Nc6 11. Be2 Re8 12. b5 Ne7 13. e4 Nd7 14. Nd2 f6 15. a4 Nf8
16. Nb3 Ne6 17. O-O Nf4 18. Bf3 f5 19. Kh1 Rb8 20. g3 Ne6 21. exf5 Nxf5 22. Nd2
Nfd4 23. Bg2 Rf8 24. a5 Bb7 25. axb6 Bxg2+ 26. Kxg2 axb6 27. Qc1 Qd7 28. Bxd4
Nxd4 29. f3 Rf7 1/2-1/2

[Event "49th Continental Open"]
[Site "Sturbridge, MA"]
[Date "2019.08.16"]
[Round "5"]
[White "Sevian, Samuel"]
[Black "Mandizha, Farai"]
[Result "1-0"]
[WhiteElo "2665"]
[BlackElo "2389"]
[PlyCount "59"]
[EventDate "2019.08.??"]
[EventType "swiss"]
[EventRounds "9"]
[EventCountry "USA"]

1. c4 e5 2. Nc3 Nc6 3. g3 f5 4. Bg2 Nf6 5. Nf3 Bb4 6. O-O O-O 7. Nd5 Bd6 8. d3
Nxd5 9. cxd5 Ne7 10. Qb3 Kh8 11. Bg5 Qe8 12. Rac1 Ng8 13. Bd2 c6 14. Bb4 Rf6
15. Bxd6 Rxd6 16. dxc6 Rxc6 17. Ng5 Rf6 18. Bd5 Nh6 19. Rc3 Rb8 20. Rfc1 d6 21.
Rc7 f4 22. Ne4 fxg3 23. hxg3 Rf8 24. Nxd6 Qh5 25. Rxc8 Rbxc8 26. Rxc8 Rxc8 27.
Nxc8 Ng4 28. Bg2 Qf5 29. f3 Qxc8 30. fxg4 1-0

[Event "49th Continental Open"]
[Site "Sturbridge, MA"]
[Date "2019.08.16"]
[Round "5"]
[White "Cordova, Emilio"]
[Black "Mulyar, Michael"]
[Result "0-1"]
[WhiteElo "2599"]
[BlackElo "2382"]
[PlyCount "106"]
[EventDate "2019.08.??"]
[EventType "swiss"]
[EventRounds "9"]
[EventCountry "USA"]

1. Nf3 d5 2. g3 Nf6 3. Bg2 c6 4. c4 Bg4 5. Ne5 Bf5 6. cxd5 cxd5 7. Nc3 Nc6 8.
Qa4 Bd7 9. Nxd7 Qxd7 10. O-O e6 11. d3 Be7 12. e4 d4 13. Ne2 e5 14. a3 O-O 15.
h3 Rab8 16. Qd1 b5 17. f4 Bd6 18. f5 b4 19. Bd2 bxa3 20. bxa3 Qb7 21. Nc1 Bc7
22. g4 Ba5 23. Bg5 Nd7 24. f6 Nxf6 25. Bxf6 gxf6 26. Qf3 Ne7 27. Ne2 Ng6 28.
Ng3 Nf4 29. Nh5 Nxh5 30. gxh5 Qe7 31. Rf2 Kh8 32. Raf1 Rg8 33. Kh1 Bd8 34. h4
Qxa3 35. Bh3 Rb2 36. Rxb2 Qxb2 37. Bd7 Qd2 38. Bb5 Qe3 39. Bc4 Rg1+ 40. Kh2
Rxf1 41. Qxf1 Qf4+ 42. Qxf4 exf4 43. Bxf7 Kg7 44. Bb3 f5 45. exf5 Bxh4 46. Kg2
Kf6 47. Be6 h6 48. Kf3 Ke5 49. Bd7 a5 50. Kg4 Bg5 51. Kf3 Kd6 52. Be8 Kc5 53.
Ke4 Kb4 0-1

[Event "49th Continental Open"]
[Site "Sturbridge, MA"]
[Date "2019.08.16"]
[Round "5"]
[White "Escalante Ramirez, Brian Sebasti"]
[Black "Yanayt, Eugene"]
[Result "0-1"]
[WhiteElo "2452"]
[BlackElo "2264"]
[PlyCount "56"]
[EventDate "2019.08.??"]
[EventType "swiss"]
[EventRounds "9"]
[EventCountry "USA"]

1. e4 c5 2. Nc3 d6 3. Nge2 Nf6 4. d4 cxd4 5. Nxd4 g6 6. Be3 Bg7 7. f3 O-O 8.
Qd2 Nc6 9. O-O-O d5 10. Nxc6 bxc6 11. Bc4 e6 12. Bb3 Re8 13. Bh6 Bh8 14. h4 Qe7
15. h5 a5 16. Bg5 Qc7 17. Qe1 a4 18. Nxa4 Nxe4 19. fxe4 Qe5 20. hxg6 Qxg5+ 21.
Kb1 hxg6 22. exd5 cxd5 23. Bxd5 Ra6 24. Bf3 Bg7 25. Qh4 Qb5 26. Rd4 Rxa4 27.
Bc6 Qb6 28. Bxe8 Rxd4 0-1

[Event "49th Continental Open"]
[Site "Sturbridge, MA"]
[Date "2019.08.16"]
[Round "5"]
[White "Paciorkowski, Lev"]
[Black "Balakrishnan, Praveen"]
[Result "1-0"]
[WhiteElo "2200"]
[BlackElo "2433"]
[PlyCount "131"]
[EventDate "2019.08.??"]
[EventType "swiss"]
[EventRounds "9"]
[EventCountry "USA"]

1. d4 d5 2. c4 e6 3. Nf3 a6 4. cxd5 exd5 5. Nc3 h6 6. Bf4 Nf6 7. e3 Bd6 8. Bxd6
Qxd6 9. Qb3 O-O 10. Bd3 b6 11. Qd1 c5 12. dxc5 bxc5 13. O-O Bb7 14. Re1 Re8 15.
Ne2 Qb6 16. Ng3 Nbd7 17. Rb1 a5 18. Qa4 Qb4 19. Bb5 Red8 20. a3 Qxa4 21. Bxa4
Nb6 22. Bc2 Nc4 23. e4 d4 24. Bd3 Nb6 25. Rec1 Rac8 26. Nd2 Ng4 27. Bf1 d3 28.
Rc3 Ba6 29. b3 a4 30. b4 c4 31. b5 Bb7 32. Nf5 Rc5 33. h3 Nf6 34. f3 Ne8 35.
Ne3 Rdc8 36. Nexc4 Nxc4 37. Rbc1 Nxd2 38. Rxc5 Rd8 39. Rd1 Nxf1 40. Kxf1 Rd4
41. Kf2 Nd6 42. Ke3 Rc4 43. Rxc4 Nxc4+ 44. Kd4 Nxa3 45. Kc5 f5 46. Rxd3 Nxb5
47. Kxb5 fxe4 48. Rd8+ Kh7 49. Kb6 exf3 50. Kxb7 fxg2 51. Rd1 Kg6 52. Rg1 Kh5
53. Rxg2 g5 54. Rg4 Kg6 55. Rxa4 Kf5 56. Kc6 h5 57. Kd5 g4 58. hxg4+ hxg4 59.
Kd4 Kf4 60. Kd3+ Kf3 61. Kd2 g3 62. Ke1 Kg2 63. Rg4 Kf3 64. Rg8 Kg2 65. Ke2 Kh2
66. Kf3 1-0

[Event "49th Continental Open"]
[Site "Sturbridge, MA"]
[Date "2019.08.16"]
[Round "5"]
[White "Lapshun, Yury"]
[Black "Tsay, Vincent"]
[Result "1-0"]
[WhiteElo "2391"]
[BlackElo "2164"]
[PlyCount "79"]
[EventDate "2019.08.??"]
[EventType "swiss"]
[EventRounds "9"]
[EventCountry "USA"]

1. e4 e6 2. d4 d5 3. Nc3 Bb4 4. Qd3 dxe4 5. Qxe4 Nf6 6. Qh4 c5 7. dxc5 Bxc5 8.
Nf3 O-O 9. Bd3 Nc6 10. Bg5 h6 11. Ne4 Be7 12. Bxh6 Nxe4 13. Qg4 Bb4+ 14. c3 Qf6
15. Qxe4 Bxc3+ 16. bxc3 Qxh6 17. O-O Bd7 18. Rab1 Rab8 19. Rfe1 Rfd8 20. Re3 g6
21. h4 e5 22. Nxe5 Bf5 23. Qa4 b5 24. Rxb5 Rxb5 25. Nxc6 Rxd3 26. Ne7+ Kg7 27.
Nxf5+ Rxf5 28. Rxd3 Qc1+ 29. Qd1 Qb2 30. Qd2 Qb1+ 31. Kh2 Ra5 32. Rd8 Ra4 33.
Qd6 Rxh4+ 34. Kg3 Rg4+ 35. Kxg4 Qf5+ 36. Kg3 Qg5+ 37. Kf3 Qf5+ 38. Qf4 Qh5+ 39.
Ke3 Qc5+ 40. Qd4+ 1-0

[Event "49th Continental Open"]
[Site "Sturbridge, MA"]
[Date "2019.08.16"]
[Round "5"]
[White "Zeltsan, Joseph"]
[Black "Krishnakumar, Sriram"]
[Result "1-0"]
[WhiteElo "2293"]
[BlackElo "1854"]
[PlyCount "65"]
[EventDate "2019.08.??"]
[EventType "swiss"]
[EventRounds "9"]
[EventCountry "USA"]

1. e4 e5 2. Nf3 Nc6 3. Bb5 a6 4. Ba4 Nf6 5. O-O b5 6. Bb3 Bb7 7. d4 Nxe4 8.
dxe5 Nc5 9. Bd5 Be7 10. Bf4 O-O 11. Nc3 Ne6 12. Bg3 Na5 13. Qd3 Bxd5 14. Nxd5
Nc6 15. Rad1 Nc5 16. Qe3 Re8 17. Qf4 Ne6 18. Qg4 Kh8 19. Rfe1 Bf8 20. h4 Ne7
21. Nc3 g6 22. Ng5 Nxg5 23. Rxd7 Qc8 24. hxg5 Bg7 25. e6 Nf5 26. Rxc7 Qb8 27.
Bh2 Qb6 28. e7 Bxc3 29. bxc3 Ng7 30. Qd7 Ne6 31. Rb7 Qc5 32. Rxe6 fxe6 33. Qxe6
1-0

[Event "49th Continental Open"]
[Site "Sturbridge, MA"]
[Date "2019.08.16"]
[Round "5"]
[White "Poliannikov, Danila"]
[Black "Kavi, Nithin"]
[Result "1/2-1/2"]
[WhiteElo "2093"]
[BlackElo "1963"]
[PlyCount "91"]
[EventDate "2019.08.??"]
[EventType "swiss"]
[EventRounds "9"]
[EventCountry "USA"]

1. e4 c5 2. Nf3 d6 3. d4 cxd4 4. Nxd4 Nf6 5. Nc3 a6 6. g3 e5 7. Nde2 Be7 8. a4
Nc6 9. Bg2 Nb4 10. O-O O-O 11. b3 Be6 12. Ba3 a5 13. Rc1 Rc8 14. Nd5 Nfxd5 15.
exd5 Bf5 16. c4 Qb6 17. Bxb4 Qxb4 18. h3 Bf6 19. g4 Bg6 20. Ng3 Bg5 21. Ra1 Qc3
22. Qf3 Qb2 23. Nf5 Bxf5 24. gxf5 Rfe8 25. Qg4 Bf6 26. Rab1 Qd4 27. Be4 Qd2 28.
Rfe1 Qf4 29. Qg2 Kh8 30. Re3 g6 31. fxg6 fxg6 32. Rbe1 Bh4 33. Rf3 Qd2 34. Ree3
Rf8 35. Rxf8+ Rxf8 36. Rf3 Qe1+ 37. Qf1 Qxf1+ 38. Kxf1 Rxf3 39. Bxf3 Kg7 40.
Ke2 Bd8 41. c5 dxc5 42. Kd3 Kf6 43. Kc4 e4 44. Bxe4 Ke5 45. Bg2 Kd6 46. Be4
1/2-1/2

[Event "49th Continental Open"]
[Site "Sturbridge, MA"]
[Date "2019.08.16"]
[Round "5"]
[White "Thomforde-Toates, Noah"]
[Black "Chen, Maxwell"]
[Result "1/2-1/2"]
[WhiteElo "2178"]
[BlackElo "1808"]
[PlyCount "79"]
[EventDate "2019.08.??"]
[EventType "swiss"]
[EventRounds "9"]
[EventCountry "USA"]

1. e4 e5 2. Nf3 Nc6 3. Bb5 a6 4. Bxc6 dxc6 5. O-O f6 6. d4 Bg4 7. c3 Bd6 8.
Nbd2 Nh6 9. Nc4 Nf7 10. Ne3 Bxf3 11. Qxf3 Ng5 12. Qe2 Ne6 13. Nf5 g6 14. d5
cxd5 15. exd5 gxf5 16. dxe6 Ke7 17. f4 e4 18. Be3 Qg8 19. c4 b6 20. c5 bxc5 21.
Rac1 Qxe6 22. Bxc5 Rad8 23. Bd4 Rhg8 24. Rc3 Rg4 25. Rh3 Qf7 26. Rh6 Rg6 27.
Rh5 Rdg8 28. g3 Qd5 29. Rxh7+ R8g7 30. Rxg7+ Rxg7 31. Be3 Qxa2 32. Rc1 Qb3 33.
Bc5 Ke6 34. Bxd6 cxd6 35. Rc3 Qb6+ 36. Kg2 Rc7 37. Rxc7 Qxc7 38. Qxa6 Qc2+ 39.
Kh3 Qxb2 40. Qc8+ 1/2-1/2

[Event "49th Continental Open"]
[Site "Sturbridge, MA"]
[Date "2019.08.16"]
[Round "5"]
[White "Ramanathan, Suraj"]
[Black "Rajesh, C.S."]
[Result "1-0"]
[WhiteElo "1983"]
[BlackElo "2145"]
[PlyCount "73"]
[EventDate "2019.08.??"]
[EventType "swiss"]
[EventRounds "9"]
[EventCountry "USA"]

1. d4 Nf6 2. c4 e6 3. Nf3 b6 4. g3 Bb7 5. Bg2 Be7 6. O-O O-O 7. Nc3 d5 8. Ne5
Nbd7 9. Nxd7 Qxd7 10. cxd5 exd5 11. b3 Rfe8 12. Bb2 Ne4 13. Qc2 f5 14. e3 Bd6
15. Rfe1 Bb4 16. Rec1 Bxc3 17. Bxc3 c6 18. f3 Nxc3 19. Qxc3 Re6 20. Re1 Rae8
21. Qd3 Qe7 22. Kf2 Rh6 23. Kg1 Re6 24. Kf2 Bc8 25. Re2 Qa3 26. Qc3 Ba6 27. Rc2
Qe7 28. Re1 Qg5 29. Qd2 Qh6 30. Rc3 g5 31. Kg1 Qg7 32. Rcc1 h5 33. Bf1 Bb7 34.
Bd3 f4 35. exf4 Qxd4+ 36. Kg2 Re3 37. Bh7+ 1-0

[Event "49th Continental Open"]
[Site "Sturbridge, MA"]
[Date "2019.08.16"]
[Round "5"]
[White "Yu, Alex"]
[Black "Arun, Siddharth"]
[Result "0-1"]
[WhiteElo "1831"]
[BlackElo "2045"]
[PlyCount "148"]
[EventDate "2019.08.??"]
[EventType "swiss"]
[EventRounds "9"]
[EventCountry "USA"]

1. Nf3 Nf6 2. g3 b5 3. Bg2 Bb7 4. O-O e6 5. d4 c5 6. c3 Qb6 7. Nbd2 d6 8. Re1
Nbd7 9. e4 cxd4 10. cxd4 e5 11. d5 Nc5 12. Qe2 a5 13. b3 Ba6 14. Nh4 Rc8 15.
Bb2 g6 16. Kh1 h5 17. h3 b4 18. Nc4 Bxc4 19. Qxc4 Bg7 20. f4 O-O 21. Qe2 Rfe8
22. fxe5 dxe5 23. Bc1 Qd6 24. Bg5 Nh7 25. Be3 Bf6 26. Rac1 Bd8 27. Rc4 Bb6 28.
Rec1 Rc7 29. Qc2 Rec8 30. Nf3 Nf6 31. Ne1 Nfd7 32. Bxc5 Bxc5 33. Nd3 Nb6 34.
Rxc5 Rxc5 35. Nxc5 Nd7 36. Qe2 Rxc5 37. Rxc5 Qxc5 38. Qa6 Kf8 39. Qa8+ Ke7 40.
Qa6 Qb6 41. Qa8 Nc5 42. d6+ Qxd6 43. Qxa5 Qd4 44. a3 Nxe4 45. Qxb4+ Qxb4 46.
axb4 Nxg3+ 47. Kh2 Ne2 48. b5 Kd6 49. b6 f5 50. b7 Kc7 51. Bd5 g5 52. b4 Nc3
53. Bc6 Ne4 54. b5 Nc5 55. b6+ Kb8 56. Be8 Nxb7 57. Bxh5 Nd6 58. h4 gxh4 59.
Kh3 Kb7 60. Kxh4 Kxb6 61. Kg5 Kc5 62. Bd1 Kd4 63. Kh4 Ke3 64. Kg3 f4+ 65. Kg2
e4 66. Bb3 Ke2 67. Be6 f3+ 68. Kg3 f2 69. Bg4+ Ke3 70. Kg2 Nc4 71. Bd7 Nd2 72.
Bb5 f1=Q+ 73. Bxf1 Nxf1 74. Kxf1 Kd2 0-1

[Event "49th Continental Open"]
[Site "Sturbridge, MA"]
[Date "2019.08.16"]
[Round "5"]
[White "Times, Lawyer"]
[Black "Matsumura, Cocoro"]
[Result "1-0"]
[WhiteElo "2139"]
[BlackElo "1829"]
[PlyCount "129"]
[EventDate "2019.08.??"]
[EventType "swiss"]
[EventRounds "9"]
[EventCountry "USA"]

1. d4 Nf6 2. Nf3 d5 3. e3 e6 4. Bd3 Bd6 5. Nbd2 O-O 6. O-O c5 7. c3 Nc6 8. dxc5
Bxc5 9. e4 Re8 10. e5 Nd7 11. Nb3 Bb6 12. Re1 Bc7 13. Ng5 h6 14. Qh5 Ncxe5 15.
Bh7+ Kf8 16. Bc2 Nf6 17. Nh7+ Nxh7 18. Bxh7 Qf6 19. Bc2 Ng6 20. Re3 Nf4 21. Qd1
Qh4 22. g3 Nh3+ 23. Kg2 Qf6 24. Rf3 Qe7 25. Bg6 Ng5 26. Bxg5 Qxg5 27. Bxf7 Re7
28. Bxe6+ Ke8 29. Bxc8 Rxc8 30. Qd3 a6 31. Rf5 Qg4 32. Qxd5 Rd8 33. Qg8+ Kd7
34. Rd5+ Kc8 35. Rxd8+ Bxd8 36. Qd5 Bb6 37. Rd1 Re8 38. h3 Qe2 39. Qf5+ Kb8 40.
Rd2 Qe7 41. Rd7 Qe2 42. Rxg7 Re5 43. Qf4 Ka7 44. Nd4 Bxd4 45. Qxd4+ Ka8 46.
Rg8+ Re8 47. Rxe8+ Qxe8 48. Qe3 Qc6+ 49. Qf3 Qe6 50. b3 Qd6 51. c4 Qa3 52. Qe2
Qd6 53. Qe3 Qc6+ 54. f3 Qf6 55. Qd2 Qe6 56. g4 Qg6 57. c5 Qf6 58. b4 Ka7 59. a4
Qc6 60. Qc2 Ka8 61. h4 Qf6 62. h5 Qd4 63. b5 a5 64. b6 Qd7 65. Qc3 1-0

[Event "49th Continental Open"]
[Site "Sturbridge, MA"]
[Date "2019.08.16"]
[Round "5"]
[White "Taylor, Steven"]
[Black "Rade, Danny"]
[Result "1-0"]
[WhiteElo "2045"]
[BlackElo "1984"]
[PlyCount "101"]
[EventDate "2019.08.??"]
[EventType "swiss"]
[EventRounds "9"]
[EventCountry "USA"]

1. Nf3 c5 2. e4 g6 3. c4 Nc6 4. d4 cxd4 5. Nxd4 Nf6 6. Nc3 d6 7. Be2 Nxd4 8.
Qxd4 Bg7 9. Bg5 O-O 10. Qd2 Be6 11. f3 Qa5 12. Rc1 Rfc8 13. Nd5 Qxd2+ 14. Kxd2
Bxd5 15. cxd5 Kf8 16. b4 Nd7 17. a4 a5 18. Bb5 Ke8 19. bxa5 Kd8 20. Rxc8+ Rxc8
21. a6 bxa6 22. Bxa6 Ra8 23. Bb5 Nc5 24. Rb1 Kc7 25. Bc6 Ra7 26. Bxe7 f6 27.
Rb4 Na6 28. Rc4 Nc5 29. Bb5 Ra8 30. Rxc5+ dxc5 31. d6+ Kb6 32. d7 Kc7 33. f4 f5
34. e5 Bf8 35. Bf6 Bh6 36. g3 Rf8 37. Be7 Rd8 38. Bxc5 Bf8 39. Bxf8 Rxf8 40.
Kd3 g5 41. Kd4 gxf4 42. gxf4 Rg8 43. Kd5 h5 44. e6 Kd8 45. Kd6 Rg7 46. a5 h4
47. a6 h3 48. Ke5 Ke7 49. a7 Rg8 50. Bc6 Rb8 51. axb8=B 1-0